000 00919nam a22002297a 4500
999 _c888
_d888
003 AR-CdUCM
008 190225b ||||| |||| 00| 0 spa d
040 _aMUNICIPALIDAD PROVINCIAL DEL CUSCO
_cBIBLIOTECA MUNICIPAL DEL CUSCO
082 _a333.185 /
_bC13
100 _aCaballero, José María
_93405
245 _aAgricultura, reforma agraria y pobreza campesina /
260 _aLima :
_bIEP ,
_c1980.
300 _a158 páginas ;
_c17 cm.
440 _aColección Mínima
_n6
_93406
505 _aAgricultura e industrialización sustitutiva de importaciones -- La reforma agraria y mas allá -- el fracaso del modelo agrario del régimen militar -- la situación del campesino andino -- economía de mercado.
650 _aMercado y campesino.
_93407
650 _aReforma agraria.
_91861
650 _aAgricultura.
_9320
650 _aIndustrialización.
_91455
942 _2ddc
_cLIBROS
945 _awfj
_d2019-02-25